|
|
|
|
| LEADER |
00000nam0a2200000 4500 |
| 001 |
285628 |
| 005 |
20250529162942.0 |
| 035 |
|
|
|a (RuTPU)RU\TPU\book\309873
|
| 035 |
|
|
|a RU\TPU\book\128187
|
| 090 |
|
|
|a 285628
|
| 100 |
|
|
|a 20150226d1985 km y0rusy50 ca
|
| 101 |
0 |
|
|a rus
|
| 102 |
|
|
|a RU
|
| 105 |
|
|
|a a z 000zy
|
| 200 |
1 |
|
|a Поле славы
|f сост. В. И. Калугин; авт. предисл. И. Ф. Стаднюк; ввод. статьи В. И Калугина и А. Б. Иванова; худ. В. Мирошниченко
|
| 210 |
|
|
|a Москва
|c Молодая гвардия
|d 1985
|
| 215 |
|
|
|a 359 с.
|c ил.
|
| 225 |
1 |
|
|a Отечество
|
| 330 |
|
|
|a Книга о ратных подвигах русских воинов на знаменитых полях сражений от Куликовского и Бородинского до Перекопа и Прохоровки создана на основе произведений русских, советских писателей и работ художников-палешан, воспроизводящих в своем творчестве подвиги русского воинства.
|
| 606 |
1 |
|
|a Искусство Палеха
|2 stltpush
|3 (RuTPU)RU\TPU\subj\13196
|9 39847
|
| 606 |
|
|
|a Военная история России
|9 81494
|
| 610 |
1 |
|
|a Россия
|
| 610 |
1 |
|
|a Слово о полку Игореве
|
| 610 |
1 |
|
|a Куликовская битва
|
| 610 |
1 |
|
|a Полтавская битва
|
| 610 |
1 |
|
|a Отечественная война 1812
|
| 610 |
1 |
|
|a Гражданская война 1918-1921
|
| 610 |
1 |
|
|a Великая Отечественная война 1941-1945
|
| 675 |
|
|
|a 745.51
|v 3
|
| 686 |
|
|
|a Т3(2)-6
|2 rubbk
|
| 702 |
|
1 |
|a Калугин
|b В. И.
|4 220
|4 080
|
| 702 |
|
1 |
|a Стаднюк
|b И. Ф.
|4 080
|
| 801 |
|
1 |
|a RU
|b 63413507
|c 20070613
|g PSBO
|
| 801 |
|
2 |
|a RU
|b 63413507
|c 20171214
|g PSBO
|
| 850 |
|
|
|a 63413507
|
| 942 |
|
|
|c BK
|